[Event "8th EUR-ch (w)"]
[Site "Dresden GER"]
[Date "2007.04.12"]
[Round "9"]
[White "Ziemann, Nadine"]
[Black "Rolli, Corinne"]
[Result "0-1"]
[WhiteElo "1989"]
[BlackElo "2009"]
[EventDate "2007.04.03"]
[PlyCount "60"]

1.e4 c5 2.Nf3 e6 3.d4 cxd4 4.Nxd4 a6 5.c4 Nf6 6.Nc3 Qc7 7.a3 Nc6 8.Be3 d6 
9.Be2 Be7 10.O-O h5 11.Rc1 Ne5 12.f3 h4 13.f4 Ng6 14.f5 Ne5 15.fxe6 fxe6 
16.Qa4+ Bd7 17.Qb3 Neg4 18.Bf2 d5 19.Bxg4 Nxg4 20.Nf3 O-O 21.h3 Nxf2 22.
Rxf2 Bc5 23.Qd1 Qg3 24.Rc2 Rxf3 25.Qxf3 Rf8 26.Qxg3 hxg3 27.exd5 exd5 28.
Nxd5 gxf2+ 29.Kf1 Bf5 30.Rd2 Re8 0-1

[Event "8th EUR-ch (w)"]
[Site "Dresden GER"]
[Date "2007.04.12"]
[Round "9"]
[White "Hafenstein, Andrea"]
[Black "Brunello, Roberta"]
[Result "0-1"]
[WhiteElo "1945"]
[BlackElo "1953"]
[EventDate "2007.04.03"]
[PlyCount "116"]

1.e4 e5 2.Nf3 Nc6 3.Bc4 Bc5 4.c3 Nf6 5.d3 a6 6.Bb3 d6 7.h3 h6 8.O-O Ba7 9.
Re1 O-O 10.Nbd2 Nh5 11.Nf1 Qf6 12.Be3 Nf4 13.Bxa7 Rxa7 14.N1h2 Bxh3 15.g3 
Ng6 16.Re3 Raa8 17.Qe2 Be6 18.Bc2 Qe7 19.d4 exd4 20.cxd4 Bd7 21.a3 Qd8 22.
Bb3 Kh8 23.Re1 Nce7 24.Nd2 f5 25.f4 fxe4 26.Rxe4 Nf5 27.Qg2 Qf6 28.Ng4 Qd8
29.Qh2 c6 30.Nf3 Nxd4 31.Nxd4 Bxg4 32.Ne6 Qb6+ 33.R4e3 Bxe6 34.Bxe6 Rae8 
35.Qf2 Ne5 36.Qe2 Rxe6 37.fxe5 Rxe5 38.Kg2 Rxe3 39.Qxe3 Qxe3 40.Rxe3 Rf7 
41.Kh3 g6 42.Re6 Rd7 43.Rxg6 Kh7 44.Re6 d5 45.Kg2 d4 46.Re2 d3 47.Rd2 Kg6 
48.Kf3 Kg5 49.Kg2 Kg4 50.Kf2 h5 51.b3 c5 52.Kg2 b5 53.Kf2 c4 54.bxc4 bxc4 
55.Ke1 c3 56.Ra2 d2+ 57.Kd1 Kxg3 58.a4 h4 0-1

[Event "8th EUR-ch (w)"]
[Site "Dresden GER"]
[Date "2007.04.13"]
[Round "10"]
[White "Kosintseva, Tatiana"]
[Black "Atalik, Ekaterina"]
[Result "1-0"]
[WhiteElo "2459"]
[BlackElo "2374"]
[EventDate "2007.04.03"]
[PlyCount "109"]

1.e4 c5 2.Nf3 d6 3.d4 cxd4 4.Nxd4 Nf6 5.Nc3 a6 6.Be3 e5 7.Nf3 Be7 8.Bc4 
O-O 9.O-O Nc6 10.a3 Be6 11.Ba2 Na5 12.Nd5 Nxd5 13.exd5 Bg4 14.b4 e4 15.h3 
Bh5 16.g4 exf3 17.gxh5 Nc4 18.Bxc4 Qc8 19.Qxf3 Qxc4 20.Kh1 f5 21.Rad1 Qxc2
22.Rg1 Bf6 23.Bf4 Rac8 24.Rc1 Qe4 25.Qxe4 fxe4 26.Bxd6 Rxc1 27.Rxc1 Rd8 
28.Bg3 Rxd5 29.Rc8+ Rd8 30.Rc7 Rd3 31.Rxb7 Rxa3 32.Kg2 Rb3 33.Bd6 Rb2 34.
Kg3 h6 35.Ra7 Ra2 36.Kf4 Rxf2+ 37.Kxe4 Ra2 38.Kd5 Ra3 39.Kc6 Rxh3 40.Rxa6 
Rxh5 41.Bc5 Rh1 42.b5 Rd1 43.b6 Be5 44.Ra4 h5 45.Re4 Bg3 46.b7 g5 47.Re3 
Bf4 48.Rf3 Rd8 49.Be7 Rb8 50.Bxg5 Bxg5 51.Rg3 Kh7 52.Rxg5 Kh6 53.Ra5 Rf8 
54.Ra8 Rf6+ 55.Kd5 1-0

[Event "8th EUR-ch (w)"]
[Site "Dresden GER"]
[Date "2007.04.13"]
[Round "10"]
[White "Khurtsidze, Nino"]
[Black "Bojkovic, Natasa"]
[Result "1/2-1/2"]
[WhiteElo "2469"]
[BlackElo "2408"]
[EventDate "2007.04.03"]
[PlyCount "36"]

1.d4 Nf6 2.c4 e6 3.Nc3 Bb4 4.e3 O-O 5.Bd3 d5 6.Ne2 c5 7.cxd5 exd5 8.a3 
Bxc3+ 9.bxc3 b6 10.O-O Ba6 11.Bxa6 Nxa6 12.Qd3 Qc8 13.f3 Re8 14.Ng3 Qb7 
15.Ra2 Re6 16.Re2 Rae8 17.Rfe1 b5 18.a4 Nc7 1/2-1/2

[Event "8th EUR-ch (w)"]
[Site "Dresden GER"]
[Date "2007.04.13"]
[Round "10"]
[White "Lahno, Kateryna"]
[Black "Lomineishvili, Maia"]
[Result "0-1"]
[WhiteElo "2467"]
[BlackElo "2399"]
[EventDate "2007.04.03"]
[PlyCount "138"]

1.e4 c5 2.Nf3 d6 3.c3 Nf6 4.Be2 Bg4 5.O-O e6 6.h3 Bh5 7.Re1 Nc6 8.d3 Be7 
9.Nbd2 O-O 10.Nf1 d5 11.Ng3 Bxf3 12.Bxf3 dxe4 13.Nxe4 Nxe4 14.Bxe4 Qc7 15.
Qh5 f5 16.Bxc6 Qxc6 17.Qe2 Rf6 18.Bf4 Rg6 19.f3 Rd8 20.Be5 Bd6 21.d4 cxd4 
22.cxd4 Qd5 23.b3 h6 24.Rad1 Kh7 25.Kh2 Rc8 26.Kh1 Ba3 27.Qf2 Rc3 28.Re3 
Rc8 29.Re2 Bd6 30.Rde1 Bb4 31.Rf1 Bd6 32.Qe3 Ba3 33.Qd3 Bd6 34.Rfe1 Bb4 
35.Rf1 Rc3 36.Qd1 Qb5 37.Rg1 Rd3 38.Qf1 Qc6 39.Qb1 Qb5 40.Rc2 Re3 41.Qc1 
Qd3 42.Bf4 Re1 43.Rxe1 Bxe1 44.Kg1 Qxf3 45.Be5 Qe4 46.Qd1 Bg3 47.Qe2 Qh4 
48.Kf1 Bxe5 49.Qxe5 Qg5 50.b4 Qg3 51.Qxg3 Rxg3 52.Rc7 Ra3 53.Rxb7 Kg6 54.
Ke2 Rxa2+ 55.Kf3 Ra3+ 56.Ke2 Kf6 57.b5 f4 58.Rb8 Kf5 59.Rf8+ Ke4 60.Re8 
Kxd4 61.h4 e5 62.Re7 g5 63.h5 e4 64.Rd7+ Ke5 65.Rh7 Ra2+ 66.Kf1 g4 67.Rxh6
f3 68.Rh8 e3 69.gxf3 gxf3 0-1

[Event "8th EUR-ch (w)"]
[Site "Dresden GER"]
[Date "2007.04.13"]
[Round "10"]
[White "Socko, Monika"]
[Black "Bosboom-Lanchava, Tea"]
[Result "1-0"]
[WhiteElo "2481"]
[BlackElo "2383"]
[EventDate "2007.04.03"]
[PlyCount "85"]

1.d4 g6 2.c4 d6 3.e4 Bg7 4.Nc3 Nd7 5.Nf3 e5 6.Be2 f6 7.O-O Nh6 8.Rb1 O-O 
9.b4 Nf7 10.Qc2 c6 11.Rd1 Re8 12.b5 Qc7 13.Be3 Bf8 14.a4 Qa5 15.Nd2 exd4 
16.Bxd4 Bh6 17.Nb3 Qd8 18.bxc6 bxc6 19.c5 Qe7 20.cxd6 Nxd6 21.Nc5 Ne5 22.
a5 Kh8 23.a6 Nec4 24.Qa2 Nb6 25.N3a4 Qc7 26.g3 Bg7 27.f4 Nf7 28.Qa1 Nxa4 
29.Nxa4 Rxe4 30.Bf3 Re6 31.Nc5 Rd6 32.Ne4 Rxd4 33.Rxd4 f5 34.Nc5 Qe7 35.
Qc3 Qf6 36.Rbd1 Be6 37.Qe3 Re8 38.R1d2 Bd7 39.Nxd7 Rxe3 40.Nxf6 Bxf6 41.
Bxc6 Ra3 42.Rd7 Rxa6 43.Bb7 1-0

[Event "8th EUR-ch (w)"]
[Site "Dresden GER"]
[Date "2007.04.13"]
[Round "10"]
[White "Cmilyte, Viktorija"]
[Black "Vasylevich, Tatiana"]
[Result "1-0"]
[WhiteElo "2462"]
[BlackElo "2383"]
[EventDate "2007.04.03"]
[PlyCount "113"]

1.d4 e6 2.c4 Bb4+ 3.Bd2 a5 4.g3 Nf6 5.Bg2 d5 6.Nf3 O-O 7.O-O b6 8.Bg5 Be7 
9.Nc3 Bb7 10.Qc2 c6 11.Bxf6 Bxf6 12.e4 Na6 13.cxd5 cxd5 14.e5 Be7 15.a3 
Bc6 16.Rfc1 Qd7 17.Bf1 Rfc8 18.Bd3 g6 19.h4 b5 20.Qd2 Nc7 21.h5 b4 22.Ne2 
bxa3 23.bxa3 Bb5 24.Kg2 Bxd3 25.Qxd3 Nb5 26.Rh1 g5 27.a4 Na7 28.h6 Kh8 29.
Rh5 Rg8 30.Qd2 Qd8 31.g4 Rc8 32.Neg1 Rc4 33.Nh3 Nc6 34.Nhxg5 Bxg5 35.Nxg5 
Qe7 36.Qf4 Rf8 37.Nf3 f6 38.exf6 Qxf6 39.Qxf6+ Rxf6 40.Rb1 Rg6 41.Rb7 
Rxg4+ 42.Kh3 Rg6 43.Ng5 Kg8 44.Nxh7 Nd8 45.Re7 Rc3+ 46.Kh2 Rf3 47.Rg5 Rxg5
48.Nxg5 Rxf2+ 49.Kg3 Rf8 50.Rd7 Nc6 51.Rg7+ Kh8 52.Nf7+ Rxf7 53.Rxf7 Nxd4 
54.Kf4 Ne2+ 55.Kg5 e5 56.h7 Nf4 57.Kh6 1-0

[Event "8th EUR-ch (w)"]
[Site "Dresden GER"]
[Date "2007.04.13"]
[Round "10"]
[White "Kovalevskaya, Ekaterina"]
[Black "Foisor, Sabina-Francesca"]
[Result "0-1"]
[WhiteElo "2432"]
[BlackElo "2333"]
[EventDate "2007.04.03"]
[PlyCount "132"]

1.Nf3 g6 2.d4 Bg7 3.c4 c5 4.d5 d6 5.Nc3 Bxc3+ 6.bxc3 f5 7.Qa4+ Bd7 8.Qb3 
Qa5 9.g3 Nf6 10.Bg2 Ba4 11.Qb2 Nbd7 12.O-O Nb6 13.Bh6 Ne4 14.Ng5 Nxg5 15.
Bxg5 h6 16.Bf4 O-O-O 17.h4 Qa6 18.Rfe1 Bd7 19.e4 Rh7 20.Qc1 Nxc4 21.Bxh6 
e5 22.dxe6 Bxe6 23.Bf4 Qa3 24.Qc2 Qb2 25.Qb3 b5 26.exf5 Bxf5 27.Bd5 Qxb3 
28.axb3 Nb6 29.Be6+ Kb7 30.Bg5 Rf8 31.Rad1 Kc6 32.Bf4 Rd8 33.Bg5 Rf8 34.g4
Bxe6 35.Rxe6 Rd7 36.Be7 Re8 37.Rde1 Nd5 38.Bg5 Rg8 39.Bd2 Rh7 40.Bg5 Nxc3 
41.Be7 Re8 42.Bxd6 Rxe6 43.Rxe6 Kd5 44.Rxg6 Rxh4 45.f3 Rh7 46.Kf2 a5 47.
Ke3 a4 48.Kd3 b4 49.Bf4 Rd7 50.bxa4 c4+ 51.Kc2 Nxa4 52.Ra6 b3+ 53.Kc1 Nc5 
54.Ra5 Kc6 55.Be3 Nd3+ 56.Kd2 Nb4+ 57.Kc1 Rd5 58.Rxd5 Kxd5 59.Bd2 Nd3+ 60.
Kb1 Kd4 61.g5 c3 62.Bxc3+ Kxc3 63.g6 Ne5 64.g7 Nxf3 65.g8=Q Nd2+ 66.Kc1 
b2+ 0-1

[Event "8th EUR-ch (w)"]
[Site "Dresden GER"]
[Date "2007.04.13"]
[Round "10"]
[White "Javakhishvili, Lela"]
[Black "Vasilevich, Irina"]
[Result "1-0"]
[WhiteElo "2425"]
[BlackElo "2380"]
[EventDate "2007.04.03"]
[PlyCount "69"]

1.d4 Nf6 2.c4 e6 3.Nc3 Bb4 4.Qc2 c5 5.dxc5 Bxc5 6.Nf3 Qb6 7.e3 Be7 8.b3 
O-O 9.Bb2 Qc7 10.O-O-O a6 11.Ng5 h6 12.h4 Re8 13.Nce4 Nxe4 14.Nxe4 Nc6 15.
Kb1 b5 16.Rh3 Bb7 17.Rg3 e5 18.Nc3 Bxh4 19.Rg4 Qd8 20.Qe4 Na5 21.Nd5 Bf6 
22.Bd3 Bxd5 23.cxd5 d6 24.f4 Kf8 25.fxe5 Bxe5 26.Bxe5 Rxe5 27.Qh7 Rg5 28.
Rxg5 hxg5 29.Rf1 Ke7 30.Bg6 Qf8 31.Rxf7+ Qxf7 32.Bxf7 Kxf7 33.Qf5+ Kg8 34.
Qe6+ Kh8 35.Qxd6 1-0

[Event "8th EUR-ch (w)"]
[Site "Dresden GER"]
[Date "2007.04.13"]
[Round "10"]
[White "Pogonina, Natalia"]
[Black "Khukhashvili, Sopiko"]
[Result "0-1"]
[WhiteElo "2419"]
[BlackElo "2334"]
[EventDate "2007.04.03"]
[PlyCount "132"]

1.e4 c5 2.Nf3 d6 3.d4 cxd4 4.Nxd4 Nf6 5.Nc3 Nc6 6.Bg5 e6 7.Qd2 a6 8.O-O-O 
Bd7 9.f4 b5 10.Bxf6 gxf6 11.f5 h5 12.Kb1 Qb6 13.Nxc6 Qxc6 14.fxe6 fxe6 15.
Qf2 Rh6 16.Bd3 Qc5 17.Qf3 Qe5 18.Qf2 Qc5 19.Qe1 b4 20.Ne2 a5 21.b3 Qe5 22.
Qg3 h4 23.Qf4 a4 24.Rhf1 Rc8 25.Bc4 a3 26.c3 Bc6 27.Bd3 bxc3 28.Qxe5 dxe5 
29.Nxc3 Rg6 30.Rf2 Rd8 31.Kc2 Bc5 32.Re2 Ke7 33.Bb5 Bxb5 34.Nxb5 Rb8 35.
Nc3 Bd4 36.Nb1 Bb2 37.Nc3 Rgg8 38.Rd3 Rb4 39.Rh3 Rd4 40.Rd3 Rc8 41.Rh3 Rd7
42.Ree3 Rdc7 43.b4 Rb8 44.Kb3 Rcb7 45.b5 Bxc3 46.Rxc3 Rxb5+ 47.Kc4 f5 48.
exf5 Rb4+ 49.Kd3 exf5 50.g3 Rd4+ 51.Ke3 Rb2 52.Rxa3 Kf6 53.Rxh4 Rxh4 54.
gxh4 f4+ 55.Ke4 Re2+ 56.Kd5 Kf5 57.Ra8 Rd2+ 58.Kc4 f3 59.Rf8+ Ke4 60.a4 
Ke3 61.a5 Rxh2 62.a6 Rxh4+ 63.Kb5 Rh7 64.Kb6 e4 65.a7 Rxa7 66.Kxa7 Kf2 0-1

[Event "8th EUR-ch (w)"]
[Site "Dresden GER"]
[Date "2007.04.13"]
[Round "10"]
[White "Kachiani-Gersinska, Ketino"]
[Black "Foisor, Cristina"]
[Result "1-0"]
[WhiteElo "2375"]
[BlackElo "2384"]
[EventDate "2007.04.03"]
[PlyCount "81"]

1.d4 d5 2.c4 Nc6 3.cxd5 Qxd5 4.e3 e5 5.Nc3 Bb4 6.Bd2 Bxc3 7.bxc3 Nf6 8.f3 
O-O 9.c4 Qd6 10.d5 Ne7 11.e4 Nd7 12.Nh3 Nc5 13.Nf2 a5 14.Be3 f5 15.Nd3 
Nxd3+ 16.Bxd3 fxe4 17.fxe4 c5 18.Rb1 b6 19.Qb3 Rb8 20.Rf1 Rxf1+ 21.Kxf1 
Bd7 22.Kg1 Nc8 23.Qb2 Rb7 24.Bd2 b5 25.Bc3 Qe7 26.Bxe5 a4 27.cxb5 Nb6 28.
Rf1 Be8 29.Qf2 h6 30.Bc3 c4 31.Bb1 Nd7 32.e5 Qc5 33.e6 Qxf2+ 34.Kxf2 Nc5 
35.Ke3 Bxb5 36.Bg6 Na6 37.d6 Nc5 38.e7 Rb8 39.Rb1 Nb3 40.axb3 cxb3 41.Bb2 
1-0

[Event "8th EUR-ch (w)"]
[Site "Dresden GER"]
[Date "2007.04.13"]
[Round "10"]
[White "Ovod, Evgenia"]
[Black "Zakurdyaeva, Irina"]
[Result "1/2-1/2"]
[WhiteElo "2384"]
[BlackElo "2286"]
[EventDate "2007.04.03"]
[PlyCount "62"]

1.c4 e5 2.Nc3 Nc6 3.g3 g6 4.Bg2 Bg7 5.e3 d6 6.Nge2 Be6 7.d4 exd4 8.Nxd4 
Nxd4 9.exd4 Ne7 10.Bxb7 Rb8 11.Bg2 O-O 12.d5 Bf5 13.O-O Qd7 14.Qd2 Bh3 15.
b3 Bxg2 16.Kxg2 Nf5 17.Bb2 Nh4+ 18.Kh1 Qh3 19.f4 Nf5 20.Rf3 Rfe8 21.Ne2 
Qh5 22.Ng1 Bxb2 23.Qxb2 Re4 24.Qg2 Qh6 25.Qf2 Rbe8 26.Rd1 Qh5 27.Rd2 Re1 
28.Rfd3 Ra1 29.Kg2 Rae1 30.Kh1 Ra1 31.Kg2 Rae1 1/2-1/2

[Event "8th EUR-ch (w)"]
[Site "Dresden GER"]
[Date "2007.04.13"]
[Round "10"]
[White "Pahtz, Elisabeth"]
[Black "Mamedyarova, Zeinab"]
[Result "1-0"]
[WhiteElo "2442"]
[BlackElo "2354"]
[EventDate "2007.04.03"]
[PlyCount "159"]

1.g3 g6 2.Bg2 Bg7 3.d3 Nf6 4.Nf3 O-O 5.O-O d5 6.Nc3 c6 7.Bd2 a5 8.e4 dxe4 
9.dxe4 Na6 10.h3 Nc5 11.Re1 Ne6 12.Qc1 Qc7 13.Bh6 Rd8 14.Bxg7 Kxg7 15.Qe3 
Nd7 16.Rad1 Qb6 17.Qc1 Ndc5 18.Rxd8 Qxd8 19.Rd1 Qc7 20.Nh2 Bd7 21.Ng4 Rd8 
22.Qh6+ Kg8 23.a3 Bc8 24.Rb1 Nd4 25.Ne3 Qe5 26.Nc4 Qe6 27.Ne3 Qf6 28.f4 e5
29.Rf1 exf4 30.gxf4 Qg7 31.Qh4 Re8 32.b4 axb4 33.axb4 Nxc2 34.Nxc2 Qxc3 
35.Rf2 Nd3 36.Qg3 Qc4 37.Bf1 Rd8 38.Rd2 Qxe4 39.Bxd3 Qd5 40.Kh2 Qb3 41.Qe3
Qc3 42.Rd1 Kg7 43.Kg3 Rd5 44.Be4 Qxe3+ 45.Nxe3 Rh5 46.h4 Rb5 47.Nc2 Be6 
48.Ra1 Bd5 49.Bd3 Rb6 50.Ra3 Kf6 51.Kf2 Be6 52.Ke3 Bf5 53.Ra5 c5 54.Bxf5 
Kxf5 55.Kf3 Kf6 56.Rxc5 Ra6 57.Rb5 Ra2 58.Ne3 h5 59.Rb6+ Kg7 60.Rxb7 Rh2 
61.Kg3 Re2 62.Nc4 Kf6 63.Ne5 Re3+ 64.Kf2 Rh3 65.Nf3 Kf5 66.Rxf7+ Kg4 67.
Ne5+ Kxh4 68.Nxg6+ Kg4 69.Ne5+ Kh4 70.b5 Rh2+ 71.Kf3 Rh3+ 72.Ke4 Rb3 73.
Nf3+ Kh3 74.Nd4 Rb4 75.Rh7 h4 76.f5 Rb1 77.f6 Re1+ 78.Kd5 Rf1 79.f7 Kg4 
80.b6 1-0

[Event "8th EUR-ch (w)"]
[Site "Dresden GER"]
[Date "2007.04.13"]
[Round "10"]
[White "Mkrtchian, Lilit"]
[Black "Golubenko, Valentina"]
[Result "0-1"]
[WhiteElo "2424"]
[BlackElo "2271"]
[EventDate "2007.04.03"]
[PlyCount "60"]

1.Nf3 Nf6 2.c4 c5 3.Nc3 Nc6 4.d4 cxd4 5.Nxd4 e6 6.g3 Qb6 7.Ndb5 Ne5 8.Bg2 
Nxc4 9.Qa4 a6 10.Qxc4 axb5 11.Qxb5 Bc5 12.O-O O-O 13.Qxb6 Bxb6 14.b3 d5 
15.Bb2 Bd7 16.e3 Rfc8 17.a3 Rc7 18.Rfd1 Rac8 19.Rac1 Ng4 20.Bf3 Nxe3 21.
fxe3 Bxe3+ 22.Kf1 Bxc1 23.Rxc1 d4 24.Ne2 Rxc1+ 25.Nxc1 Rc2 26.Nd3 Bb5 27.
Bxd4 Bxd3+ 28.Kg1 Rc1+ 29.Kf2 Rb1 30.b4 b5 0-1

[Event "8th EUR-ch (w)"]
[Site "Dresden GER"]
[Date "2007.04.13"]
[Round "10"]
[White "Zawadzka, Jolanta"]
[Black "Rajlich, Iweta"]
[Result "0-1"]
[WhiteElo "2348"]
[BlackElo "2408"]
[EventDate "2007.04.03"]
[PlyCount "84"]

1.e4 e6 2.d4 d5 3.Nc3 Bb4 4.e5 c5 5.a3 Bxc3+ 6.bxc3 Nc6 7.Qg4 g6 8.Qd1 Bd7
9.Nf3 Qa5 10.Bd2 c4 11.g3 f5 12.a4 Nd8 13.h4 h6 14.Qc1 Nf7 15.Qa3 Ne7 16.
Bg2 Nc6 17.Ke2 O-O-O 18.Rhb1 Rdg8 19.Qb2 Qc7 20.a5 g5 21.Qc1 f4 22.gxf4 g4
23.Nh2 Ne7 24.Qh1 h5 25.Nf1 Nh6 26.Ng3 Nhf5 27.Bc1 Rf8 28.Ba3 Ng6 29.Bxf8 
Nxf4+ 30.Kd2 Rxf8 31.Nxf5 Rxf5 32.f3 Be8 33.fxg4 hxg4 34.Rf1 Qh7 35.a6 Qh6
36.axb7+ Kb8 37.Kd1 Bh5 38.Be4 g3+ 39.Kc1 dxe4 40.Kb2 g2 41.Qg1 gxf1=Q 42.
Qg8+ Rf8 0-1

[Event "8th EUR-ch (w)"]
[Site "Dresden GER"]
[Date "2007.04.13"]
[Round "10"]
[White "Vajda, Szidonia"]
[Black "Schone, Maria"]
[Result "1-0"]
[WhiteElo "2407"]
[BlackElo "2151"]
[EventDate "2007.04.03"]
[PlyCount "37"]

1.e4 c5 2.c3 d5 3.exd5 Qxd5 4.d4 Nf6 5.Nf3 Bg4 6.dxc5 Qxc5 7.Na3 a6 8.Be3 
Qc7 9.h3 Bh5 10.Nc4 Nbd7 11.g4 Bg6 12.g5 Nh5 13.Qd4 e6 14.Rd1 O-O-O 15.Qa7
Be7 16.Nfe5 Qb8 17.Rxd7 Qxa7 18.Rxd8+ Rxd8 19.Bxa7 1-0

[Event "8th EUR-ch (w)"]
[Site "Dresden GER"]
[Date "2007.04.13"]
[Round "10"]
[White "Melia, Salome"]
[Black "Daulyte, Deimante"]
[Result "1-0"]
[WhiteElo "2396"]
[BlackElo "2224"]
[EventDate "2007.04.03"]
[PlyCount "115"]

1.e4 e5 2.Nf3 Nc6 3.Bb5 a6 4.Ba4 Nf6 5.d3 d6 6.c3 g6 7.O-O Bg7 8.Nbd2 O-O 
9.Re1 Nd7 10.Nf1 Nc5 11.Bc2 Ne6 12.Ng3 Qf6 13.Ne2 g5 14.Ng3 Nf4 15.Nd2 Ne7
16.Ndf1 Neg6 17.Ne3 Nh4 18.Nd5 Qd8 19.Ne3 Qf6 20.Nh5 Qh6 21.Nxg7 Qxg7 22.
Kh1 Qf6 23.Rf1 Nhg6 24.Nf5 Bxf5 25.exf5 Qxf5 26.d4 Qf6 27.g3 Ne6 28.d5 Ng7
29.Qg4 h6 30.h4 gxh4 31.Bxh6 Qe7 32.gxh4 Qxh4+ 33.Qxh4 Nxh4 34.Rg1 Ng6 35.
Bxg6 fxg6 36.Rxg6 Kh7 37.Rag1 Rf5 38.Rxg7+ Kxh6 39.R1g6+ Kh5 40.Rg2 Kh6 
41.Rxc7 e4 42.Re7 Rxd5 43.Rxe4 Rf8 44.Re6+ Kh7 45.Re7+ Kh6 46.Rxb7 Rf3 47.
Rb8 Kh7 48.Rb4 Rh5+ 49.Kg1 Rfh3 50.Kf1 Re5 51.Rgg4 Rh1+ 52.Kg2 Reh5 53.
Rb7+ Kh6 54.Rb6 R1h2+ 55.Kf1 Ra5 56.Kg1 Rh3 57.Rxd6+ Kh5 58.Rg8 1-0

[Event "8th EUR-ch (w)"]
[Site "Dresden GER"]
[Date "2007.04.13"]
[Round "10"]
[White "Kursova, Maria"]
[Black "Muzicuk, Anna"]
[Result "1-0"]
[WhiteElo "2324"]
[BlackElo "2474"]
[EventDate "2007.04.03"]
[PlyCount "93"]

1.d4 Nf6 2.Nf3 c5 3.d5 e6 4.c4 exd5 5.cxd5 d6 6.Nc3 g6 7.Nd2 Bg7 8.e4 O-O 
9.Be2 a6 10.a4 Re8 11.O-O Nbd7 12.h3 Rb8 13.Qc2 Qc7 14.Kh1 Nh5 15.Bxh5 
gxh5 16.Nd1 Nf6 17.Ra3 Qe7 18.Re3 h4 19.b3 Nh5 20.Bb2 Nf4 21.Nf3 Ng6 22.
Bxg7 Kxg7 23.Nb2 b5 24.axb5 axb5 25.Nd3 Bb7 26.Rfe1 f6 27.Nd2 Qf7 28.Rf3 
Rbc8 29.Ree3 c4 30.bxc4 bxc4 31.Nxc4 Qc7 32.Qb2 Qxc4 33.Qxf6+ Kg8 34.Qf7+ 
Kh8 35.Qf6+ Kg8 36.Qf7+ Kh8 37.Qxb7 Rc7 38.Qb2+ Kg8 39.Rf6 Rg7 40.Kh2 h5 
41.Qb4 Ne5 42.Qxc4 Nxc4 43.Re2 Rg5 44.Nf4 Kg7 45.Re6 Rf8 46.Re7+ Kf6 47.
Rc7 1-0

[Event "8th EUR-ch (w)"]
[Site "Dresden GER"]
[Date "2007.04.13"]
[Round "10"]
[White "Arakhamia-Grant, Ketevan"]
[Black "Kochetkova, Yulia"]
[Result "1-0"]
[WhiteElo "2435"]
[BlackElo "2320"]
[EventDate "2007.04.03"]
[PlyCount "83"]

1.e4 e5 2.Nf3 Nc6 3.Bb5 a6 4.Ba4 Nf6 5.d3 b5 6.Bb3 Bc5 7.O-O d6 8.c3 O-O 
9.Bg5 Bb6 10.a4 Rb8 11.axb5 axb5 12.Na3 h6 13.Bh4 Bg4 14.h3 Bd7 15.Nc2 Be6
16.Ne3 Bxe3 17.fxe3 Bxb3 18.Qxb3 Qe7 19.Nd2 g5 20.Bg3 b4 21.Ra6 bxc3 22.
Qxc3 Nd8 23.Bxe5 Qxe5 24.Qxe5 dxe5 25.Raxf6 Rxb2 26.Nc4 Rb5 27.Rxh6 Kg7 
28.Rhf6 Ne6 29.R1f5 Rc5 30.Kh2 Rb5 31.Kg1 Rc5 32.Kf2 Rb5 33.Kf3 Rc5 34.Kg4
Rb5 35.g3 Rc5 36.Rxe6 fxe6 37.Rxf8 Kxf8 38.Kxg5 Rb5 39.Kf6 Rb1 40.Nxe5 Rc1
41.g4 Rh1 42.h4 1-0

[Event "8th EUR-ch (w)"]
[Site "Dresden GER"]
[Date "2007.04.13"]
[Round "10"]
[White "Peptan, Corina-Isabela"]
[Black "Muhren, Bianca"]
[Result "1-0"]
[WhiteElo "2422"]
[BlackElo "2311"]
[EventDate "2007.04.03"]
[PlyCount "63"]

1.e4 c5 2.Nf3 d6 3.d4 cxd4 4.Nxd4 Nf6 5.Nc3 a6 6.Be2 e6 7.O-O Be7 8.f4 Nc6
9.Kh1 O-O 10.Be3 Nxd4 11.Qxd4 Qc7 12.Rad1 b5 13.e5 Ne8 14.a4 bxa4 15.Nxa4 
Bb7 16.Qc3 Qxc3 17.Nxc3 g6 18.Rd2 d5 19.Na4 Rc8 20.Nb6 Rd8 21.Ra1 Nc7 22.
Na4 d4 23.Bxd4 Nb5 24.Rad1 Bc6 25.Bc5 Rde8 26.Bxe7 Rxe7 27.Nc5 a5 28.c4 
Nc7 29.Rd6 Ba8 30.Nd7 Rc8 31.Nf6+ Kg7 32.Rd8 1-0

[Event "8th EUR-ch (w)"]
[Site "Dresden GER"]
[Date "2007.04.13"]
[Round "10"]
[White "Houska, Jovanka"]
[Black "Meshcheriakova, Evgenia"]
[Result "1-0"]
[WhiteElo "2381"]
[BlackElo "2309"]
[EventDate "2007.04.03"]
[PlyCount "87"]

1.e4 e5 2.Nf3 Nc6 3.Bb5 a6 4.Ba4 Nf6 5.Qe2 b5 6.Bb3 Be7 7.c3 d6 8.O-O O-O 
9.Rd1 Na5 10.Bc2 c5 11.d4 Qc7 12.d5 Bd7 13.b3 Nb7 14.Nbd2 Nh5 15.Nf1 g6 
16.Bh6 Rfb8 17.Ng3 Ng7 18.Nd2 Nd8 19.Rf1 f6 20.Be3 Nf7 21.Bd3 Qb7 22.Rab1 
Rf8 23.a4 f5 24.f4 exf4 25.Rxf4 g5 26.Rxf5 Bxf5 27.exf5 Ne5 28.Rf1 Rf7 29.
axb5 axb5 30.Nde4 Qxd5 31.Bxb5 Raf8 32.Rd1 Qxb3 33.f6 Bxf6 34.Nxd6 Ra7 35.
Nge4 Ra2 36.Nd2 Qxc3 37.N6e4 Qc2 38.Bxc5 Rf7 39.Bd6 Kh8 40.Nxf6 Rxf6 41.
Bxe5 Qc5+ 42.Kh1 Rf2 43.Nf3 Ra8 44.Qe4 1-0

[Event "8th EUR-ch (w)"]
[Site "Dresden GER"]
[Date "2007.04.13"]
[Round "10"]
[White "Dworakowska, Joanna"]
[Black "Muzychuk, Maria"]
[Result "0-1"]
[WhiteElo "2363"]
[BlackElo "2293"]
[EventDate "2007.04.03"]
[PlyCount "70"]

1.e4 d5 2.exd5 Nf6 3.d4 Bg4 4.f3 Bf5 5.Bb5+ Nbd7 6.c4 e6 7.dxe6 Bxe6 8.c5 
c6 9.Ba4 Nd5 10.Nc3 N7f6 11.Nge2 Qc7 12.O-O O-O-O 13.Nxd5 Nxd5 14.Bd2 Be7 
15.b4 Bf6 16.b5 Ne7 17.Be3 Bc4 18.Rb1 Nd5 19.Bf2 Rhe8 20.Bg3 Bxe2 21.Qd2 
Nf4 22.Bxf4 Rxd4 23.bxc6 b5 24.cxb6 axb6 25.Bxc7 Rxd2 26.Bf4 Rd4 27.c7 
Rxa4 28.Bg3 Bxf1 29.Kxf1 Be5 30.Rxb6 Bxc7 31.Rc6 Re7 32.Rc2 Rd4 33.a3 Kd8 
34.Rb2 Bxg3 35.hxg3 Ra7 0-1

[Event "8th EUR-ch (w)"]
[Site "Dresden GER"]
[Date "2007.04.13"]
[Round "10"]
[White "Vasilkova, Svetlana"]
[Black "Shukurova, Meihriban"]
[Result "1/2-1/2"]
[WhiteElo "2346"]
[BlackElo "2193"]
[EventDate "2007.04.03"]
[PlyCount "126"]

1.e4 e5 2.Nf3 Nc6 3.Bc4 Nf6 4.d3 h6 5.O-O d6 6.c3 g6 7.d4 Qe7 8.dxe5 Nxe5 
9.Nxe5 Qxe5 10.Nd2 Bg7 11.Nf3 Qh5 12.Qb3 O-O 13.Re1 Nd7 14.Nd4 Ne5 15.Be2 
Qh4 16.Qc2 Bd7 17.Be3 Rae8 18.f3 a6 19.Qd2 Kh7 20.Bf2 Qf6 21.Bg3 h5 22.Bf4
Qd8 23.h3 Nc6 24.Rad1 b5 25.Bf1 Qa8 26.Nc2 Be6 27.Ne3 Qb7 28.Nd5 Ne7 29.
Be3 Bxd5 30.exd5 Nf5 31.Bf2 Bh6 32.f4 h4 33.Be2 Re4 34.Bg4 Rxf4 35.Bxf5 
Rxf5 36.Qd4 Qc8 37.Qxh4 Rh5 38.Qe7 Bg5 39.Qe2 Bf6 40.Bg3 Kg7 41.c4 Qd7 42.
Qc2 bxc4 43.Qxc4 a5 44.b3 Rb8 45.Rf1 Rb4 46.Qc2 Be5 47.Bxe5+ Rxe5 48.Rf2 
Qe7 49.Rdf1 f5 50.Qc3 Kg8 51.Qc6 Rd4 52.Qa8+ Kh7 53.Qxa5 Rdxd5 54.Qc3 Rc5 
55.Qb2 Re1 56.Qd2 Rce5 57.a4 R5e2 58.Rxe2 Rxe2 59.Qc3 c5 60.a5 Qe4 61.Qf3 
Qxf3 62.Rxf3 Ra2 63.Rd3 Rxa5 1/2-1/2

[Event "8th EUR-ch (w)"]
[Site "Dresden GER"]
[Date "2007.04.13"]
[Round "10"]
[White "Celuskina, Irina"]
[Black "Franciskovic, Borka"]
[Result "1/2-1/2"]
[WhiteElo "2332"]
[BlackElo "2227"]
[EventDate "2007.04.03"]
[PlyCount "126"]

1.g3 e6 2.Bg2 c5 3.Nf3 Nf6 4.O-O Be7 5.c4 a6 6.Nc3 Nc6 7.d4 cxd4 8.Nxd4 
Qc7 9.Nb3 d6 10.Bf4 Ne5 11.Rc1 Ng6 12.Bg5 O-O 13.e4 Bd7 14.Re1 Rac8 15.c5 
dxc5 16.e5 Nd5 17.Nxd5 exd5 18.Bxe7 Nxe7 19.Nxc5 Rfd8 20.Qd2 Qb6 21.Nxd7 
Rxd7 22.Rxc8+ Nxc8 23.Bh3 Rd8 24.e6 fxe6 25.Bxe6+ Kh8 26.Bxc8 Rxc8 27.Qxd5
Qxb2 28.Qf7 h6 29.Kg2 b5 30.Qe6 Rf8 31.Re2 Qd4 32.f4 Qf6 33.h4 a5 34.Qxf6 
Rxf6 35.Re8+ Kh7 36.Rb8 Rc6 37.Rxb5 Rc2+ 38.Kf3 Rxa2 39.h5 a4 40.Ra5 Ra1 
41.Kg4 a3 42.Ra7 Kg8 43.Kf5 Kh7 44.Ra8 Rh1 45.Kg4 Ra1 46.Ra7 Kg8 47.Kf5 
Kh7 48.g4 Ra2 49.Ke4 Re2+ 50.Kf3 Ra2 51.Kg3 Ra1 52.Ra8 Ra2 53.Ra6 Ra1 54.
Ra7 Ra2 55.g5 hxg5 56.fxg5 Ra1 57.Kh2 Ra2+ 58.Kh3 Ra1 59.Kg3 Rg1+ 60.Kf4 
Rf1+ 61.Ke3 Rg1 62.Kf4 Rf1+ 63.Kg3 Rg1+ 1/2-1/2

[Event "8th EUR-ch (w)"]
[Site "Dresden GER"]
[Date "2007.04.13"]
[Round "10"]
[White "Rudolph, Anna"]
[Black "Repkova, Eva"]
[Result "0-1"]
[WhiteElo "2202"]
[BlackElo "2328"]
[EventDate "2007.04.03"]
[PlyCount "128"]

1.e4 d5 2.exd5 Qxd5 3.Nc3 Qa5 4.d4 c6 5.Nf3 Nf6 6.Bc4 Bf5 7.Bd2 e6 8.Nd5 
Qd8 9.Nxf6+ gxf6 10.Bb3 Nd7 11.Qe2 Qc7 12.Nh4 Bg6 13.O-O-O O-O-O 14.g3 Nb6
15.Bf4 Bd6 16.Bxd6 Rxd6 17.Nxg6 hxg6 18.h4 Rhd8 19.Qe3 Nd5 20.Bxd5 Rxd5 
21.Rd3 Qa5 22.Kb1 e5 23.dxe5 Rxd3 24.cxd3 fxe5 25.h5 Qd5 26.Qe4 Qxd3+ 27.
Qxd3 Rxd3 28.Kc2 Rd8 29.hxg6 fxg6 30.Re1 Rd5 31.Re4 Kd7 32.Rg4 Rd6 33.Rg5 
e4 34.Rg4 Rf6 35.Rxe4 Rxf2+ 36.Kc1 Rf6 37.Kd2 Rd6+ 38.Kc3 Rd5 39.a4 a5 40.
Kc4 Kd6 41.b3 Rc5+ 42.Kd4 Rd5+ 43.Kc3 Re5 44.Rg4 g5 45.b4 axb4+ 46.Rxb4 
Kc7 47.Rg4 c5 48.Kc4 Kb6 49.Kc3 Ka5 50.Kb3 b6 51.Kc3 Rd5 52.Kc2 Rd4 53.
Rxg5 Kxa4 54.g4 Kb4 55.Rg8 Kc4 56.g5 Rg4 57.g6 b5 58.g7 b4 59.Kd1 Rg2 60.
Ke1 b3 61.Kd1 b2 62.Rb8 Kc3 63.Rb5 Rxg7 64.Rxc5+ Kb4 0-1